Giáo trình lý thuyết chất rắn

Guardat en:
Dades bibliogràfiques
Autor principal: Nguyễn Văn Hùng
Format: Llibre
Idioma:Vietnamese
Publicat: Đại học Quốc gia Hà Nội 1999
Etiquetes: Afegir etiqueta
Sense etiquetes, Sigues el primer a etiquetar aquest registre!
Thư viện lưu trữ: Mạng thư viện Đại học Đà Nẵng
LEADER 00652nam a2200253 4500
001 000021604
003 18052
005 20150422100407.0
008 150422s1999 viesd
020 |c 37500 
041 0 |a vie 
082 1 4 |a 530,41  |b NG-H 
100 1 |a Nguyễn Văn Hùng 
245 1 0 |a Giáo trình lý thuyết chất rắn  |c Nguyễn Văn Hùng 
260 |b Đại học Quốc gia Hà Nội  |c 1999 
300 |a tr.  |c cm. 
OWN |a LSP 
999 |a From the UDN01 
TYP |a Monograph 
TYP |a Printed language 
980 |a Mạng thư viện Đại học Đà Nẵng